00556 2200217 4500001002100000005001700021008004100038035002600079245001500105100001500120250000600135260007300141300002100214020001600235082000800251084001000259520001400269650001900283990001800302990001800320INLIS00000000000278720191230005034.0191230| ||| | ind  a 0010-12190000000278700cSulistiani0 aSulistiani a1 aWidya Duta Grafika : SurakartabWidya Duta Grafika : Surakartac2010 a64 hlm ;c64 hlm a979517541-60 a300 a394,4 aAPBD 2014 0akerajaan 394.4 aB201702136695 aB201702136696